Responses for show #4930 - Friday, February 3, 2006

Contestants

Jared Poppel, a consultant from Bellevue, Washington

Jennifer Kelly, a college instructor from Madison, Alabama

Eleanor Ainslie, a medical student from Philadelphia, Pennsylvania (whose 3-day cash winnings total $41,400)

Jeopardy! Round responses

AMERICAN IMAGES
NBA TEAMS IN OTHER WORDS
EYES ON THE PRIZE
BIG "ROCK"
CANDY
MOUNTAIN
    $200 25
the Boston Massacre

Eleanor
    $200 1
(Eleanor: Who are the Warlocks?)
(Alex: Oh, no.)
(Eleanor: Oh!)

the (Washington) Wizards

EleanorJennifer
    $200 16
Religion

Jared
    $200 6
rock bottom

Jared
    $200 11
a jawbreaker

Eleanor
    $200 21
the Andes

Jennifer
    $400 26
Gerald Ford & Brezhnev

Jared
    $400 2
the Phoenix Suns

Jennifer
    $400 17
the Nobel Peace Prize

Jennifer
    $400 7
a rock hound

Jared
    $400 12
Almond Joy

Eleanor
    $400 22
(Jennifer: What is New York State?)

California

Jennifer
Triple Stumper
    $600 27
Andrew Jackson

Jared
    $600 3
the Denver Nuggets

Jared
    $600 18
the Pulitzer Prize

Eleanor
    $600 8
the Rockefellers

Eleanor
    $600 13
Life Savers

Eleanor
    $600 23
Minnesota

Jennifer
    $800 28
(Alex: That's right, Hubert Humphrey.)

vice president

Jennifer
    $800 4
the New Jersey Nets

Triple Stumper
    $800 19
Alzheimer's disease

Eleanor
    $800 9
Little Rock

Eleanor
    $800 14
Milky Way

Jared
    $800 24
Mt. Rushmore

Eleanor
    $1000 29
Thomas Paine

Jennifer
    $1,000 5
the (Cleveland) Cavaliers

Jared
    $1000 20
the Tate Gallery

Jared
    $1000 10
Rocky Mountain spotted fever

Eleanor
    $1000 15
5th Avenue

Jared
    $1000 30
the Gobi Desert

Jennifer

Scores at the first commercial break (after clue 15):

Eleanor Jennifer Jared
$3,400 $600 $4,000

Scores at the end of the Jeopardy! Round:

Eleanor Jennifer Jared
$5,800 $4,200 $6,200

Double Jeopardy! Round responses

ROYALTY & BALLET
SPIELBERG MOVIES BY QUOTE
WORLD AUTHORS
WKC BEST IN SHOW
(Alex: The Westminster Kennel Club.)
EXPLORERS & EXPLORATION
"D" DAY
    $400 22
Sweden

Jared
    $400 1
Jaws

Jennifer
    $400 11
Dumas

Jared
    $400 15
a bulldog

Jared
    $400 13
(Eleanor: Who is Amundson?)
(Jennifer: Who is Byrd?)

Robert Peary

EleanorJennifer
Triple Stumper
    $400 6
Duracell

Jared
    $800 23
Nicholas II

Jennifer
    $800 2
Jurassic Park

Jared
    $1,000 12
(Jared: Who is Dostoevsky?)
(Alex: No, picked the wrong one. Who is [*]? Count [*]. Wrote some big books.)

Tolstoy

Jared
    $800 16
an English sheepdog

Jennifer
    $800 14
(Jennifer: Who is Sir Francis Drake?)

Captain Cook

Jennifer
Triple Stumper
    $800 7
(Jennifer: What is "deboarding"?)

debarking (or disembarking)

EleanorJennifer
    $1,000 24
Louis XIV

Jennifer
    $1200 3
Schindler's List

Jared
    $1200 20
(Jared: Who is Proust?)

Goethe

EleanorJared
    $1200 27
a poodle

Triple Stumper
    $1200 17
Bonneville

Jared
    $1200 8
Dead Man's Hand

Eleanor
    $1600 26
Princess Margaret

Jared
    $1600 4
Close Encounters of the Third Kind

Jennifer
    $1600 21
(Alex: You know him better as the author of Don Quixote--[*].)

Cervantes

Triple Stumper
    $1600 28
a boxer

Jared
    $1600 18
(Alex: What did he know? He called it the Great [*].)

American Desert

Triple Stumper
    $1600 9
the dorsal fin

Jared
    $2000 30
Queen Margrethe

Triple Stumper
    $2000 5
Saving Private Ryan

Jared
    $2000 25
Gabriel Garcia Márquez

Jennifer
    $2000 29
a whippet

Jared
    $2000 19
Cuzco

Triple Stumper
    $2000 10
Dreidel

Jared

Scores at the end of the Double Jeopardy! Round:

Eleanor Jennifer Jared
$8,600 $8,800 $19,600
(lock game)

[wagering suggestions for these scores]

Final Jeopardy! Round responses

NOTABLE WOMEN
(Alex: Eleanor Ainslie, our returning champion, we start with you. You're a medical student, and after you graduate, you will learn a great deal about the value of these.)
...
(Alex: [*], caring for the terminally ill.)
EleanorWhat is a nursing home?
$8,600
JenniferWhat is a salon
$4,401
JaredWhat is a convent?
$400
a hospice

Final scores:

Eleanor Jennifer Jared
$0 $4,399 $19,200
3rd place: $1,000 2nd place: $2,000 New champion: $19,200

Game dynamics:

Coryat scores:

Eleanor Jennifer Jared
$8,600 $9,000 $20,600
13 R,
2 W
14 R
(including 1 DD),
4 W
23 R
(including 1 DD),
2 W
(including 1 DD)

Combined Coryat: $38,200

The J! Archive is created by fans, for fans. The Jeopardy! game show and all elements thereof, including but not limited to copyright and trademark thereto, are the property of Jeopardy Productions, Inc. and are protected under law. This website is not affiliated with, sponsored by, or operated by Jeopardy Productions, Inc. Join the discussion at JBoard.tv.